Phrases used by the one and only Quiz Stats

 Plays Quiz not verified by Sporcle

Also try: Famous Facial Hair
Challenge
Share
Tweet
Embed
Score 0/10 Timer 10:00
0 Plays Today
% Correct
nein
93.6%
you threw a stick at me
87.2%
don't worry
78.7%
cech
76.6%
**** man
74.5%
twats
72.3%
your mum
70.2%
i wish i could just put a shield
70.2%
set right
68.1%
are you trying to argue?
66%

You're not logged in!

Compare scores with friends on all Sporcle quizzes.
Join for Free
OR
Log In

You Might Also Like...

Show Comments

Extras

Top Quizzes Today


Score Distribution

Your Account Isn't Verified!

In order to create a playlist on Sporcle, you need to verify the email address you used during registration. Go to your Sporcle Settings to finish the process.

Report this User

Report this user for behavior that violates our Community Guidelines.

Details: